000 00501nam a2200181Ia 4500
008 151018s9999 xx 000 0 und d
082 _bRBASDV7243
_a891.463
100 _aश्री ज जोशी
245 _aसमिधा
250 _b1
260 _bकेशरी प्रकाशन
_c1971
300 _a138
600 _aश्री ज जोशी
630 _aसमिधा
700 _aश्री ज जोशी
730 _aसमिधा
942 _cBOOK
999 _c1009612
_d1009609